000 00423pab a2200157 454500
008 180718b2006 xxu||||| |||| 00| 0 eng d
100 _aVerma, A.K.
245 _aFormation of Muslim political fronts
260 _c2006
300 _ap.4241-243.
362 _a7 Oct
650 _aUttar pradesh - Politics and government
650 _aPolitics and government
773 _aEconomic and Political Weekly
909 _a71957
999 _c71957
_d71957